000 00241nam a2200097Ia 4500
008 230907s9999||||xx |||||||||||||| ||und||
082 _a620.00151
_bJAM
245 0 _aAdvanced modern engineering mathematics /
300 _a987 p.
942 _cBK
999 _c598564
_d598564